000 00653nam a2200217Ia 4500
005 20250425162158.0
008 250425s9999 xx 000 0 und d
020 _a9549608
041 _aspa
043 _ack
082 _a658.15937
_pSCH
100 _aScheel Mayenberger, Adolfo
245 0 _aEnciclopedia de hotelería y restaurantes : control de alimentos y bebidas I
_cAdolfo Scheel Mayenberger
250 _aPrimera edición
260 _aBogotá
_bEDINTER
_c1992
300 _a178 páginas
_bilustraciones
_c28 cm.
650 _aHoteles - Administración
650 _aRestaurantes, hoteles y servicios
942 _c01
010 _a54528
999 _c223938
_d223938